00987nam a2200277 i 4500001000700000003000900007005001700016008004100033040003000074080002200104080002000126080002800146100001700174245008500191260005500276300003900331510002000370530003500390600001700425600003300442651005400475700003100529752002500560852003500585856008900620166448ES-MaACL20250928105547.0000211s1898 phlbe |||| |cspa d aCCPB | B bspa cCCPB | B a929 Toral, José a929 Toral, Juan a94(599)"1896/98"(093.3)1 aToral, Juan.13aEl sitio de Manila (1898) b: memorias de un voluntario / cJuan y José Toral. aManila : b[s.n.], c1898 (fImp. Litogr. Partier) a321 p., [5] h. de plan. ; c22 cm.4 aPalau, c334164 aDisponible en formato digital.14aToral, Juan.17aToral, José, d1874-19352 4aFilipinas-xHistoria-y1896-1898, Insurrección.1 aToral, José, d1874-1935 aFilipinas - dManila aES-MaACLjF-2792 z- Enc. hol. uhttp://bdh-rd.bne.es/viewer.vm?id=0000124401&page=1 zBiblioteca Digital Hispánica